Statistiques concernant Départements français par deux premières lettres

Cliquez ici pour prendre le quiz!

Statistiques générales

  • Ce quiz a été pris 587 fois
  • Le résultat moyen est 93 sur 101

Réponses sur la Carte

Les réponses sont colorées sur une échelle allant du rouge au vert en fonction du pourcentage des utilisateurs qui les ont devinées à leur premier essai. Vous pouvez retrouver ces pourcentages ci-dessous.
 

Statistiques - réponses

Départements% Correct
19Corrèze
99%
2ACorse-du-Sud
99%
21Côte-d'Or
99%
22Côtes-d'Armor
99%
2BHaute-Corse
99%
31Haute-Garonne
99%
43Haute-Loire
99%
52Haute-Marne
99%
5Hautes-Alpes
99%
70Haute-Saône
99%
74Haute-Savoie
99%
65Hautes-Pyrénées
99%
87Haute-Vienne
99%
68Haut-Rhin
99%
92Hauts-de-Seine
99%
974La Réunion
98%
42Loire
98%
44Loire-Atlantique
98%
45Loiret
98%
41Loir-et-Cher
98%
46Lot
98%
47Lot-et-Garonne
98%
48Lozère
98%
49Maine-et-Loire
98%
50Manche
98%
51Marne
98%
972Martinique
98%
53Mayenne
98%
976Mayotte
98%
75Paris
98%
62Pas-de-Calais
98%
69Rhône (et
métropole de Lyon)
98%
59Nord
97%
1Ain
96%
2Aisne
96%
3Allier
96%
4Alpes-de-Haute-
Provence
96%
6Alpes-Maritimes
96%
7Ardèche
96%
8Ardennes
96%
9Ariège
96%
971Guadeloupe
96%
973Guyane
96%
56Morbihan
96%
57Moselle
96%
94Val-de-Marne
96%
95Val-d'Oise
96%
83Var
96%
84Vaucluse
96%
29Finistère
95%
40Landes
95%
77Seine-et-Marne
95%
76Seine-Maritime
95%
93Seine-Saint-Denis
95%
67Bas-Rhin
94%
14Calvados
94%
15Cantal
94%
71Saône-et-Loire
94%
72Sarthe
94%
73Savoie
94%
13Bouches-du-Rhône
92%
54Meurthe-et-Moselle
92%
55Meuse
92%
10Aube
91%
11Aude
91%
16Charente
90%
17Charente-Maritime
90%
18Cher
90%
24Dordogne
90%
25Doubs
90%
33Gironde
90%
64Pyrénées-Atlantiques
90%
66Pyrénées-Orientales
90%
30Gard
89%
85Vendée
89%
35Ille-et-Vilaine
88%
34Hérault
87%
80Somme
87%
78Yvelines
87%
39Jura
86%
81Tarn
86%
82Tarn-et-Garonne
86%
79Deux-Sèvres
85%
90Territoire de Belfort
85%
12Aveyron
84%
91Essonne
84%
27Eure
84%
28Eure-et-Loir
84%
58Nièvre
84%
60Oise
84%
23Creuse
83%
63Puy-de-Dôme
83%
86Vienne
83%
26Drôme
81%
32Gers
81%
36Indre
81%
37Indre-et-Loire
81%
38Isère
81%
61Orne
79%
88Vosges
79%
89Yonne
76%

Distribution des résultats

Percentile par nombre de réponses

% des personnes avec chaque résultat

Votre développement - résultats

Vous n’avez pas pris ce quiz